Làng nghề đá mỹ nghệ Non Nước truyền thống và biến đổi

Cơ sở lý luận và thực tiễn. Làng nghề đá mỹ nghệ Non Nước trong truyền thống hình thành và phát triển. Sự biến đổi của làng nghề đá mỹ nghệ Non Nước

Đã lưu trong:
書目詳細資料
主要作者: Hồ Thị Hồng Dung
其他作者: Hoàng Hoài Thương (Hướng dẫn)
格式: 圖書
語言:Vietnamese
出版: Đà Nẵng Đại học Sư phạm, Đại học Đà Nẵng 2013
主題:
標簽: 添加標簽
沒有標簽, 成為第一個標記此記錄!
Thư viện lưu trữ: Mạng thư viện Đại học Đà Nẵng
LEADER 01748nam a2200373 4500
001 000018911
003 15346
005 20140311090310.0
008 140219s2013 viesd
041 |a vie 
072 |a VHH 
082 1 4 |a 730.959751  |b HÔ-D 
100 1 |a Hồ Thị Hồng Dung 
245 1 0 |a Làng nghề đá mỹ nghệ Non Nước truyền thống và biến đổi  |c Hồ Thị Hồng Dung ; Hoàng Hoài Thương hướng dẫn  |k Khóa luận tốt nghiệp 
260 |a Đà Nẵng  |b Đại học Sư phạm, Đại học Đà Nẵng  |c 2013 
300 |a 82 tr., phụ lục 10 tr.  |b Hình mh.  |c 29 cm. 
500 |a Khóa luận tốt nghiệp đại học. Chuyên ngành: Cử nhân Văn hóa học 
520 |a Cơ sở lý luận và thực tiễn. Làng nghề đá mỹ nghệ Non Nước trong truyền thống hình thành và phát triển. Sự biến đổi của làng nghề đá mỹ nghệ Non Nước 
650 0 4 |a Làng nghề truyền thống  |v Khóa luận tốt nghiệp  |x Đá mỹ nghệ  |z Đà Nẵng (Non Nước) 
653 |a Làng nghề truyền thống 
653 |a Đá mỹ nghệ 
653 |a Khoa Ngữ văn 
653 |a Non Nước (Đà Nẵng) 
700 1 |a Hoàng Hoài Thương  |e Hướng dẫn 
OWN |a LSP 
AVA |a UDN50  |b LSP  |d 730.959751 HÔ-D  |e available  |t Error 5001 Not defined in file expand_doc_bib_avail.  |f 1  |g 0  |h N  |i 0  |k 1 
999 |a From the UDN01 
AVA |a UDN50  |b LSP  |d 730.959751 HÔ-D  |e available  |t Error 5001 Not defined in file expand_doc_bib_avail.  |f 1  |g 0  |h N  |i 0  |k 1 
TYP |a Monograph 
TYP |a Printed language 
980 |a Mạng thư viện Đại học Đà Nẵng